Central Library OPAC University of Rajshahi

দি ব্ল্যাক টিউিলপ / (Record no. 52884)

MARC details
000 -LEADER
fixed length control field 01111nam a2200229 a 4500
001 - CONTROL NUMBER
control field 52884
003 - CONTROL NUMBER IDENTIFIER
rucl marc code BD-RjUL
005 - DATE AND TIME OF LATEST TRANSACTION
control field 20211209075857.0
008 - FIXED-LENGTH DATA ELEMENTS--GENERAL INFORMATION
fixed length control field 160928r19541951ii |||| ||| 000 0 ben d
035 ## - SYSTEM CONTROL NUMBER
System control number (BD-RjUL)53004
040 ## - CATALOGING SOURCE
Original cataloging agency BD-RjUL
Language of cataloging ben
Transcribing agency BD-RjUL
Modifying agency BD-RjUL
041 ## - LANGUAGE CODE
Language code of text/sound track or separate title ben
082 ## - DEWEY DECIMAL CLASSIFICATION NUMBER
Edition number 23
Classification number 843
Author mark and year DUB 1954
100 1# - MAIN ENTRY--PERSONAL NAME
Personal name ডুমা, এ্যালেকজান্ডার
9 (RLIN) 158113
245 10 - TITLE STATEMENT
Title দি ব্ল্যাক টিউিলপ /
Statement of responsibility, etc. ডুমা, এ্যালেকজান্ডার ; অনুবাদক : শ্রীক্ষিতীন্দ্রনারায়ণ ভট্টাচার্য
260 ## - PUBLICATION, DISTRIBUTION, ETC. (IMPRINT)
Place of publication, distribution, etc. কলকাতা :
Name of publisher, distributor, etc. অভু্যদয় প্রকাশ-মন্দির,
Date of publication, distribution, etc. ১৯৫১ [২য় মুদ্রণ ১৯৫৪]
300 ## - PHYSICAL DESCRIPTION
Pagination [৬] ১২৫ পৃ. ;
Size ১৬ সেমি.
650 ## - SUBJECT ADDED ENTRY--TOPICAL TERM
Topical term or geographic name as entry element ফরাসি উপন্যাস
9 (RLIN) 146691
Topical term or geographic name as entry element French fiction
9 (RLIN) 122841
700 ## - ADDED ENTRY--PERSONAL NAME
Personal name ভট্টাচার্য, শ্রীক্ষিতীন্দ্রনারায়ণ
942 ## - ADDED ENTRY ELEMENTS (KOHA)
Source of classification or shelving scheme Dewey Decimal Classification
Koha item type Books
Holdings
Lost status Source of classification or shelving scheme Damaged status Not for loan Collection code Permanent Location Current Location Shelving location Date acquired Source of acquisition Cost, normal purchase price Total Checkouts Full call number Date last seen Copy number Koha item type
  Dewey Decimal Classification     Non-fiction Central Library, University of Rajshahi Central Library, University of Rajshahi   12/10/1959 Warsi book corporation 11.90   B 843 DUB 1954 28/09/2016 C-2 Books